[Event "Tatry Open 2014"]
[Site "Tatranske Zruby SVK"]
[Date "2014.10.01"]
[Round "5.4"]
[White "Biolek, R2."]
[Black "Veleski, R."]
[Result "1/2-1/2"]
[WhiteElo "2432"]
[BlackElo "2284"]
[PlyCount "135"]
[EventDate "2014.09.28"]

1. e4 e5 2. Nf3 Nc6 3. d4 exd4 4. Bc4 Nf6 5. e5 d5 6. Bb5 Ne4 7. Nxd4 Bd7 8.
Bxc6 bxc6 9. O-O Bc5 10. f3 Ng5 11. f4 Ne4 12. Be3 Rb8 13. Nd2 Qe7 14. Nxe4
dxe4 15. Qe1 O-O 16. Nb3 Bxe3+ 17. Qxe3 f6 18. Qxe4 Rb4 19. Qe3 Bf5 20. Qc3
fxe5 21. fxe5 Rg4 22. Rae1 Qe6 23. Qf3 Qd5 24. c3 Qxf3 25. Rxf3 Be6 26. Rxf8+
Kxf8 27. Nc5 Ke7 28. b3 Bd5 29. g3 h5 30. Re3 h4 31. Kf2 Rg5 32. c4 hxg3+ 33.
Rxg3 Rf5+ 34. Ke3 Bf7 35. Rxg7 Rxe5+ 36. Ne4 Kf8 37. Rg5 Re6 38. Rf5 Ke7 39.
Kd4 Rh6 40. Re5+ Kd7 41. Ng5 Bg6 42. h3 Bb1 43. Kc3 Rf6 44. Re2 Rf4 45. a3 Bf5
46. Kb4 Rh4 47. Rf2 Bg6 48. Rd2+ Ke7 49. Re2+ Kd7 50. Nf3 Rh6 51. Ne5+ Kd6 52.
Nxg6 c5+ 53. Kb5 c6+ 54. Ka4 Rxg6 55. h4 Rh6 56. Rh2 Kc7 57. h5 Kb6 58. b4 cxb4
59. Kxb4 c5+ 60. Kc3 Ka5 61. Rh3 Ka4 62. Kd2 a5 63. Kc2 Rb6 64. Rh1 Rh6 65. Kc3
Rb6 66. h6 Rb3+ 67. Kc2 Rh3 68. Rxh3 1/2-1/2

[Event "Tatry Open 2014"]
[Site "Tatranske Zruby SVK"]
[Date "2014.10.01"]
[Round "5.5"]
[White "Berezjuk, S."]
[Black "Najgebauer, S."]
[Result "1/2-1/2"]
[WhiteElo "2371"]
[BlackElo "2273"]
[PlyCount "90"]
[EventDate "2014.09.28"]

1. e4 c5 2. c4 Nc6 3. Nc3 g6 4. g3 Bg7 5. Bg2 d6 6. d3 e6 7. Nge2 Nge7 8. Be3
Nd4 9. Qd2 Nec6 10. O-O O-O 11. Bh6 Nxe2+ 12. Nxe2 e5 13. Bxg7 Kxg7 14. f4 f6
15. Nc3 Nd4 16. Rf2 Bd7 17. Raf1 Bc6 18. Nd1 Qe7 19. Ne3 exf4 20. Rxf4 Rae8 21.
h4 f5 22. Kh2 fxe4 23. dxe4 Rxf4 24. Rxf4 Rf8 25. Ng4 Bd7 26. Rxf8 Qxf8 27.
Qh6+ Kg8 28. Qxf8+ Kxf8 29. Nf6 Be6 30. b3 h6 31. e5 b5 32. exd6 bxc4 33. bxc4
Bxc4 34. Nd7+ Ke8 35. Nxc5 Bxa2 36. Be4 g5 37. Kh3 a5 38. Kg4 gxh4 39. gxh4 Bf7
40. h5 Kd8 41. Bg6 Bd5 42. Kf4 Nb3 43. Ke5 Bc4 44. Nb7+ Kc8 45. Kf6 Kxb7
1/2-1/2

[Event "Tatry Open 2014"]
[Site "Tatranske Zruby SVK"]
[Date "2014.10.01"]
[Round "5.6"]
[White "Petran, Pe"]
[Black "Belunek, V."]
[Result "1/2-1/2"]
[WhiteElo "2327"]
[BlackElo "2226"]
[PlyCount "85"]
[EventDate "2014.09.28"]

1. c4 g6 2. Nc3 Bg7 3. d4 Nf6 4. e4 d6 5. g3 O-O 6. Bg2 e5 7. d5 a5 8. Nge2 Na6
9. O-O Nd7 10. Be3 f5 11. f3 Nf6 12. Qd2 Bd7 13. Rab1 Rf7 14. b3 Nh5 15. exf5
gxf5 16. f4 e4 17. g4 fxg4 18. Nxe4 Bf5 19. Rbe1 Bh6 20. Ng5 Bxg5 21. fxg5 b6
22. Bd4 Qd7 23. Ng3 Nxg3 24. hxg3 Re8 25. Rxe8+ Qxe8 26. Bc3 Bg6 27. Qd4 Rxf1+
28. Bxf1 Qe7 29. Kh2 Bf5 30. Qh8+ Kf7 31. Bf6 Qf8 32. Qxf8+ Kxf8 33. Kg1 Ke8
34. Be2 Nc5 35. Bc3 Ne4 36. Be1 Nxg5 37. Kf2 Nf3 38. Bc3 Ne5 39. Ke3 Ng6 40. a3
Ke7 41. b4 axb4 42. axb4 h5 43. Bd4 1/2-1/2

[Event "Tatry Open 2014"]
[Site "Tatranske Zruby SVK"]
[Date "2014.10.01"]
[Round "5.7"]
[White "Michenka, J."]
[Black "Pribyl, Jo"]
[Result "1/2-1/2"]
[WhiteElo "2326"]
[BlackElo "2244"]
[PlyCount "28"]
[EventDate "2014.09.28"]

1. d4 Nf6 2. c4 g6 3. Nc3 d5 4. Nf3 Bg7 5. e3 O-O 6. Qb3 e6 7. Be2 b6 8. cxd5
exd5 9. O-O c5 10. dxc5 bxc5 11. Rd1 Be6 12. Ng5 Qb6 13. Qa3 Nbd7 14. Bd2 Rfc8
1/2-1/2

[Event "Tatry Open 2014"]
[Site "Tatranske Zruby SVK"]
[Date "2014.10.01"]
[Round "5.8"]
[White "Constantinou, Pe"]
[Black "Gumularz, Szymon"]
[Result "0-1"]
[WhiteElo "2311"]
[BlackElo "2132"]
[PlyCount "92"]
[EventDate "2014.09.28"]

1. d4 d5 2. Nf3 Nf6 3. c4 e6 4. g3 dxc4 5. Bg2 Bb4+ 6. Bd2 c5 7. Bxb4 cxb4 8.
Ne5 O-O 9. Nxc4 Nc6 10. e3 e5 11. Nxe5 Nxe5 12. dxe5 Qxd1+ 13. Kxd1 Ng4 14. Ke2
Nxe5 15. Rd1 Bg4+ 16. f3 Bd7 17. Rd5 Rfe8 18. f4 Bg4+ 19. Kf2 Nc4 20. h3 Be6
21. Rd4 Nxb2 22. Nd2 Rad8 23. Nb3 b6 24. Bf1 Rxd4 25. Nxd4 Bc4 26. Rb1 Bxf1 27.
Rxb2 Bxh3 28. Rxb4 Bd7 29. Ke2 Rc8 30. Kd2 Kf8 31. Rb1 Rc5 32. Ke2 Ra5 33. Rb2
Rc5 34. Kf2 Ke7 35. Rd2 f6 36. Rb2 Bc6 37. Nxc6+ Rxc6 38. g4 Rc3 39. Rd2 b5 40.
Kf3 Rc4 41. Rh2 h6 42. Rd2 a6 43. Kg3 Rc3 44. Kf3 Rc4 45. Kg3 Rc3 46. Kf3 Rc4
0-1

[Event "Tatry Open 2014"]
[Site "Tatranske Zruby SVK"]
[Date "2014.10.01"]
[Round "5.9"]
[White "Prandstetter, E."]
[Black "Nayhebaver, Martin"]
[Result "1-0"]
[WhiteElo "2273"]
[BlackElo "2301"]
[PlyCount "52"]
[EventDate "2014.09.28"]

1. e4 c5 2. Nf3 d6 3. d4 cxd4 4. Nxd4 Nf6 5. Nc3 a6 6. Be2 e5 7. Nb3 Be7 8. O-O
O-O 9. Be3 Be6 10. Qd2 Nbd7 11. a4 Nb6 12. a5 Nc4 13. Bxc4 Bxc4 14. Rfd1 Rc8
15. f3 Rc6 16. Qe1 Qc8 17. Nc1 d5 18. exd5 Rd6 19. f4 Nxd5 20. fxe5 Nxe3 21.
exd6 Nxd1 22. Ne4 Bxd6 23. Qxd1 Be5 24. c3 Rd8 25. Qc2 Qf5 26. Ra4 Qf1# 1-0

[Event "Tatry Open 2014"]
[Site "Tatranske Zruby SVK"]
[Date "2014.10.01"]
[Round "5.10"]
[White "Cech, P."]
[Black "Obona, J."]
[Result "1-0"]
[WhiteElo "2424"]
[BlackElo "2166"]
[PlyCount "69"]
[EventDate "2014.09.28"]

1. e4 c5 2. Nf3 d6 3. Bb5+ Bd7 4. c4 a6 5. Bxd7+ Qxd7 6. d4 cxd4 7. Nxd4 Nf6 8.
Nc3 e6 9. O-O Be7 10. b3 O-O 11. a4 b6 12. Ra2 Nc6 13. Rd2 Qb7 14. Ba3 Rfd8 15.
Re1 Na5 16. f4 Rac8 17. f5 e5 18. Nf3 Qc7 19. h3 Nb7 20. Kh2 Nc5 21. Qb1 Qc6
22. Rde2 h6 23. Rd1 Rd7 24. Qc2 Rb7 25. Rc1 Ncd7 26. Qb1 Nc5 27. b4 Nxa4 28. b5
Qxc4 29. Nxa4 Qxe2 30. Rxc8+ Kh7 31. Nc3 Qf2 32. bxa6 Nh5 33. axb7 Qg3+ 34. Kh1
Nf4 35. Qf1 1-0

[Event "Tatry Open 2014"]
[Site "Tatranske Zruby SVK"]
[Date "2014.10.01"]
[Round "5.12"]
[White "Zambo, Z."]
[Black "Tropp, O."]
[Result "1/2-1/2"]
[WhiteElo "2382"]
[BlackElo "2048"]
[PlyCount "79"]
[EventDate "2014.09.28"]

1. d4 d5 2. Nf3 c6 3. Bf4 Nf6 4. e3 Bg4 5. h3 Bxf3 6. Qxf3 e6 7. Bd3 Bd6 8. Nd2
Qc7 9. Qg3 Ke7 10. Be5 Bxe5 11. dxe5 Nfd7 12. f4 g6 13. O-O Nc5 14. Qh4+ Kd7
15. Nb3 Nba6 16. Bxa6 Nxa6 17. e4 Qd8 18. Qg3 Qb6+ 19. Kh1 Rac8 20. f5 Kc7 21.
fxe6 fxe6 22. Qg4 dxe4 23. Qxe6 Kb8 24. Rae1 Nc7 25. Qc4 e3 26. Nc5 Ka8 27.
Rxe3 Ne6 28. b4 Nxc5 29. bxc5 Qa5 30. e6 Qd2 31. Rfe1 Qd5 32. Qb4 Rhe8 33. e7
Qg5 34. Qd4 Qd5 35. Qg4 a6 36. Rd3 Qf5 37. Qxf5 gxf5 38. Rd7 Kb8 39. Red1 Rg8
40. Rd8 1/2-1/2

[Event "Tatry Open 2014"]
[Site "Tatranske Zruby SVK"]
[Date "2014.10.01"]
[Round "5.13"]
[White "Kubik, M."]
[Black "Langner, L1."]
[Result "0-1"]
[WhiteElo "2177"]
[BlackElo "2363"]
[PlyCount "78"]
[EventDate "2014.09.28"]

1. e4 g6 2. d4 Bg7 3. Nc3 c6 4. f4 d5 5. e5 h5 6. Be3 Nh6 7. Nf3 b6 8. Qd2 Qd7
9. O-O-O Ba6 10. g3 Bxf1 11. Rdxf1 Na6 12. Ng5 Nc7 13. h3 O-O-O 14. Qe2 f6 15.
Nf3 Nf5 16. Bf2 Ne6 17. Rhg1 Bh6 18. Kb1 Kb7 19. Qd1 h4 20. g4 Ng3 21. Bxg3
hxg3 22. g5 fxg5 23. fxg5 Bxg5 24. Nxg5 Nxg5 25. Rxg3 Ne4 26. Rxg6 Nxc3+ 27.
bxc3 Rxh3 28. Rf3 Rdh8 29. Rg7 c5 30. Rxh3 Rxh3 31. Qf1 Rxc3 32. Qf8 Ka6 33.
Qxe7 Qxe7 34. Rxe7 cxd4 35. Rd7 d3 36. cxd3 Rxd3 37. Kc2 Rd4 38. Kc3 Rd1 39.
Kc2 Rd4 0-1

[Event "Tatry Open 2014"]
[Site "Tatranske Zruby SVK"]
[Date "2014.10.01"]
[Round "5.14"]
[White "Kukucka, M."]
[Black "Vojtek, V."]
[Result "1-0"]
[WhiteElo "2073"]
[BlackElo "2336"]
[PlyCount "80"]
[EventDate "2014.09.28"]

1. d4 Nf6 2. c4 e6 3. Nc3 Bb4 4. g3 O-O 5. Bg2 d5 6. cxd5 exd5 7. Nf3 Re8 8.
O-O c6 9. a3 Bd6 10. Qc2 Bg4 11. Nh4 Qb6 12. e4 Qxd4 13. h3 Be6 14. Nf3 Qb6 15.
e5 d4 16. exf6 dxc3 17. fxg7 Qb3 18. Qxb3 Bxb3 19. bxc3 Na6 20. Nd4 Bc4 21. Rd1
Be5 22. Rb1 Nc5 23. Be3 Bd3 24. Rbc1 Ba6 25. Rb1 Na4 26. Rdc1 Rac8 27. Bf1 Bxf1
28. Kxf1 b5 29. Nf5 Nxc3 30. Rxc3 Bxc3 31. Nd6 a5 32. Nxe8 Rxe8 33. Rc1 b4 34.
axb4 axb4 35. Bc5 Kxg7 36. Be3 Kf6 37. h4 Ke6 38. Ke2 h5 39. Kd3 Kd5 40. Rb1 c5
1-0

[Event "Tatry Open 2014"]
[Site "Tatranske Zruby SVK"]
[Date "2014.10.01"]
[Round "5.15"]
[White "Vul, A."]
[Black "Plasil, Petr"]
[Result "1-0"]
[WhiteElo "2294"]
[BlackElo "2015"]
[PlyCount "43"]
[EventDate "2014.09.28"]

1. Nf3 Nf6 2. c4 g6 3. g3 Bg7 4. Bg2 O-O 5. O-O d5 6. d4 dxc4 7. Na3 c3 8. bxc3
c5 9. Rb1 Nc6 10. Ne5 Nd5 11. Qb3 Nxe5 12. dxe5 Be6 13. c4 Nb4 14. f4 Qc8 15.
Be3 f6 16. exf6 exf6 17. Nb5 Rd8 18. Rbd1 Bf8 19. Rxd8 Qxd8 20. Rd1 Qb6 21.
Qxb4 a6 22. Qa4 1-0

[Event "Tatry Open 2014"]
[Site "Tatranske Zruby SVK"]
[Date "2014.10.01"]
[Round "5.16"]
[White "Certek, P."]
[Black "Hurtak, Otto"]
[Result "0-1"]
[WhiteElo "2267"]
[BlackElo "1995"]
[PlyCount "99"]
[EventDate "2014.09.28"]

1. d4 Nf6 2. Nf3 e6 3. e3 c5 4. Bd3 d5 5. b3 cxd4 6. exd4 Nc6 7. O-O Be7 8. Bb2
O-O 9. c4 b6 10. Nc3 Bb7 11. Qe2 Rc8 12. Rac1 Re8 13. Rfd1 Bf8 14. Qe3 Nb4 15.
Bf1 a6 16. Ne5 Rc7 17. a3 Nc6 18. Na4 Rc8 19. c5 b5 20. Nb6 Rc7 21. b4 Nxe5 22.
dxe5 Ng4 23. Qh3 Nh6 24. a4 Bc6 25. axb5 axb5 26. Ra1 Qg5 27. Ra3 Nf5 28. Bc1
Qg6 29. Be2 d4 30. Qg4 f6 31. Qxg6 hxg6 32. g4 Nh6 33. Rxd4 fxe5 34. Rd1 Rf7
35. h3 Be7 36. Be3 Bh4 37. Rd6 Rc7 38. Rxc6 Rxc6 39. Bxb5 Rxb6 40. cxb6 Rb8 41.
Ra7 Bd8 42. b7 Nf7 43. Bd7 Nd6 44. Bxe6+ Kf8 45. Bc5 Ke7 46. Bxd6+ Kxd6 47.
Ra6+ Kc7 48. Bc8 Bf6 49. Kg2 g5 50. Kf3 0-1

[Event "Tatry Open 2014"]
[Site "Tatranske Zruby SVK"]
[Date "2014.10.01"]
[Round "5.17"]
[White "Yao, Lan"]
[Black "Szotkowski, J."]
[Result "1-0"]
[WhiteElo "2015"]
[BlackElo "2262"]
[PlyCount "70"]
[EventDate "2014.09.28"]

1. e4 c5 2. Nf3 Nc6 3. d4 cxd4 4. Nxd4 Nf6 5. Nc3 e5 6. Ndb5 d6 7. Nd5 Nxd5 8.
exd5 Nb8 9. c4 Be7 10. Be2 a6 11. Nc3 O-O 12. O-O Nd7 13. Be3 f5 14. f3 Bg5 15.
Bf2 Qf6 16. b4 Qh6 17. Qd3 a5 18. a3 axb4 19. axb4 Rxa1 20. Rxa1 e4 21. fxe4
Ne5 22. Qh3 Qf6 23. Ra8 Ng4 24. Bb6 Be3+ 25. Bxe3 Qxc3 26. Bb6 Qe1+ 27. Bf1
fxe4 28. g3 e3 29. Qg2 Nf2 30. h4 Ne4 31. Bd4 Nd2 32. Ra1 Rxf1+ 33. Qxf1 Qxg3+
34. Qg2 Nf3+ 35. Kf1 e2+ 1-0

[Event "Tatry Open 2014"]
[Site "Tatranske Zruby SVK"]
[Date "2014.10.01"]
[Round "5.18"]
[White "Kula, Dominik"]
[Black "Burnett, A."]
[Result "1/2-1/2"]
[WhiteElo "1973"]
[BlackElo "2222"]
[PlyCount "179"]
[EventDate "2014.09.28"]

1. e4 c5 2. Nf3 e6 3. d4 cxd4 4. Nxd4 a6 5. Nc3 Qc7 6. Bd3 Nf6 7. O-O Bd6 8. h3
Nc6 9. Be3 h5 10. Nxc6 dxc6 11. f4 e5 12. f5 b5 13. g3 Bb7 14. a3 Rd8 15. Qf3
c5 16. Rfd1 c4 17. Bf1 Ke7 18. Bg2 Rd7 19. Qf2 Rc8 20. Rd2 Bc5 21. Rad1 Rxd2
22. Rxd2 Bxe3 23. Qxe3 Qc5 24. Kf2 a5 25. Qxc5+ Rxc5 26. Ke3 Bc6 27. Na2 Bd7
28. c3 g6 29. fxg6 fxg6 30. Nc1 Be6 31. Na2 Rc8 32. Rd1 Nd7 33. Rd2 Nc5 34. Rd1
Rf8 35. Nc1 g5 36. Rd2 h4 37. g4 Bg8 38. Ne2 Rd8 39. Ng1 Rxd2 40. Kxd2 Bh7 41.
Ke3 Na4 42. Nf3 Kf6 43. Ne1 Nxb2 44. Nc2 Na4 45. Kd2 Nc5 46. Ke3 Ke7 47. Bf3
Kd6 48. Bg2 Na6 49. Ne1 Ke7 50. Nc2 Bg8 51. Bf1 Nc5 52. Bg2 Bf7 53. Ne1 Be8 54.
Nc2 Bc6 55. Bf3 Kd6 56. Bg2 Bb7 57. Ne1 Ke6 58. Nc2 Bc6 59. Bf3 Nd3 60. Bg2 Kd6
61. Bf1 Nf4 62. Ne1 Kc5 63. Nf3 b4 64. axb4+ axb4 65. cxb4+ Kxb4 66. Nxe5 Bb5
67. Nf3 Ne6 68. e5 Ka3 69. Nd4 Nxd4 70. Kxd4 Kb4 71. e6 c3 72. Bxb5 c2 73. e7
c1=Q 74. e8=Q Qc3+ 75. Ke4 Qxh3 76. Kf5 Qc3 77. Kxg5 h3 78. Bc6 Qd2+ 79. Kh4
Qh6+ 80. Kg3 h2 81. Qe1+ Kc5 82. Qh1 Qd6+ 83. Kh3 Qh6+ 84. Kg3 Qd6+ 85. Kf2
Qd2+ 86. Kf1 Qd1+ 87. Kg2 Qxg4+ 88. Kxh2 Qh4+ 89. Kg1 Qxh1+ 90. Bxh1 1/2-1/2

[Event "Tatry Open 2014"]
[Site "Tatranske Zruby SVK"]
[Date "2014.10.01"]
[Round "5.19"]
[White "Halas, Mi"]
[Black "Marek, Mat"]
[Result "0-1"]
[WhiteElo "1956"]
[BlackElo "2200"]
[PlyCount "90"]
[EventDate "2014.09.28"]

1. e4 c5 2. Nf3 d6 3. d4 cxd4 4. Nxd4 Nf6 5. Nc3 a6 6. Bg5 Nbd7 7. Qd2 b5 8. f3
Bb7 9. a3 Rc8 10. Rd1 e6 11. Be2 Be7 12. O-O O-O 13. Nb3 Qc7 14. Bf4 Ne5 15.
Bxe5 dxe5 16. g4 Rfd8 17. Qe1 Rxd1 18. Qxd1 Bxa3 19. bxa3 Qxc3 20. Bd3 Ne8 21.
Qa1 Nd6 22. a4 f5 23. Qxc3 Rxc3 24. axb5 axb5 25. Re1 fxe4 26. fxe4 Kf7 27. Kf2
Ke7 28. Re3 b4 29. Nd2 Bc6 30. Nf3 Rc5 31. h4 Nc4 32. Re2 Nb2 33. Ne1 Nd1+ 34.
Kf3 Nc3 35. Rd2 Ra5 36. Ke3 Ra3 37. Nf3 Nxe4 38. Nxe5 Nxd2 39. Nxc6+ Kd6 40.
Nxb4 Nc4+ 41. Kd4 Ne5 42. Bxh7 Nxg4 43. Bd3 Nf6 44. c4 e5+ 45. Ke3 e4 0-1

[Event "Tatry Open 2014"]
[Site "Tatranske Zruby SVK"]
[Date "2014.10.01"]
[Round "5.20"]
[White "Czajkowski, R."]
[Black "Lanc, A."]
[Result "1/2-1/2"]
[WhiteElo "2084"]
[BlackElo "2363"]
[PlyCount "99"]
[EventDate "2014.09.28"]

1. d4 Nf6 2. c4 d6 3. Nf3 g6 4. Nc3 Nbd7 5. e4 e5 6. Be3 Ng4 7. Bg5 f6 8. Bd2
Nh6 9. Be2 Nf7 10. O-O Bg7 11. b4 f5 12. exf5 gxf5 13. dxe5 dxe5 14. Qc1 h6 15.
Qc2 e4 16. Ne1 c6 17. g3 O-O 18. Ng2 Ng5 19. h4 Ne6 20. Rad1 Qf6 21. f3 Nd4 22.
Qb1 exf3 23. Bxf3 Nxf3+ 24. Rxf3 Ne5 25. Rf4 Ng6 26. Rf3 Be6 27. c5 Ne5 28. Rf4
Rad8 29. Be1 Rxd1 30. Nxd1 Bd5 31. Nde3 Be4 32. Qd1 Nd3 33. Rf1 Qb2 34. Qh5
Nxe1 35. Rxe1 Qxb4 36. Kh2 Qxc5 37. Nf4 Qc3 38. Re2 Qa1 39. Neg2 Qf6 40. Rd2
Qf7 41. Qd1 Re8 42. Rd7 Re7 43. Rd8+ Kh7 44. h5 c5 45. Qd6 Qf6 46. Qxc5 Bxg2
47. Nxg2 Re2 48. Qd5 Qe6 49. Qxb7 Qe4 50. Qxe4 1/2-1/2

[Event "Tatry Open 2014"]
[Site "Tatranske Zruby SVK"]
[Date "2014.10.01"]
[Round "5.21"]
[White "Jossien, A."]
[Black "Dostal, R."]
[Result "1-0"]
[WhiteElo "2326"]
[BlackElo "2078"]
[PlyCount "67"]
[EventDate "2014.09.28"]

1. e4 e6 2. Qe2 Be7 3. Nf3 d5 4. d3 Nf6 5. g3 c5 6. Bg2 Nc6 7. O-O O-O 8. e5
Nd7 9. h4 Qc7 10. Bf4 b5 11. Re1 a5 12. Nbd2 Ba6 13. Nf1 b4 14. Ne3 a4 15. Ng5
h6 16. Nxd5 exd5 17. Nxf7 Rxf7 18. Bxd5 Raf8 19. Qh5 Qb6 20. e6 Rxf4 21. exd7+
R4f7 22. Qg6 c4 23. Re3 Qc5 24. Qxc6 Qxc6 25. Bxc6 Bc5 26. Re8 Rxf2 27. d4 Bb6
28. Bd5+ Kh7 29. Rae1 Bb5 30. R1e6 Bd8 31. Be4+ Kh8 32. Rxd8 Rxd8 33. Kxf2 Rxd7
34. Re8# 1-0

[Event "Tatry Open 2014"]
[Site "Tatranske Zruby SVK"]
[Date "2014.10.01"]
[Round "5.22"]
[White "Sikorova, O."]
[Black "Bartos, A."]
[Result "1-0"]
[WhiteElo "2282"]
[BlackElo "2072"]
[PlyCount "55"]
[EventDate "2014.09.28"]

1. f4 d5 2. Nf3 Nf6 3. b3 e6 4. e3 Bd6 5. Bb2 O-O 6. Ne5 b6 7. Be2 c5 8. O-O
Ba6 9. Bxa6 Nxa6 10. a3 Rc8 11. d3 Qc7 12. Rf3 d4 13. Nc4 Rfd8 14. Nxd6 Qxd6
15. e4 Nd7 16. e5 Qe7 17. Nd2 Nc7 18. Rh3 Nd5 19. Qh5 Nf8 20. Rf1 Ne3 21. Rf2
g6 22. Qf3 b5 23. Ne4 Nf5 24. Nf6+ Kh8 25. g4 Ng7 26. Qg3 c4 27. Qh4 h5 28. Qg5
1-0

[Event "Tatry Open 2014"]
[Site "Tatranske Zruby SVK"]
[Date "2014.10.01"]
[Round "5.23"]
[White "Mitura, V."]
[Black "Borosova, Z."]
[Result "1/2-1/2"]
[WhiteElo "2083"]
[BlackElo "2263"]
[PlyCount "107"]
[EventDate "2014.09.28"]

1. d4 d5 2. c4 c6 3. Nf3 Nf6 4. e3 e6 5. b3 Nbd7 6. Bd3 b6 7. O-O Bb7 8. Bb2
Be7 9. Nc3 O-O 10. Ne5 Nxe5 11. dxe5 Nd7 12. cxd5 Nxe5 13. dxc6 Nxd3 14. cxb7
Rb8 15. Rb1 Nxb2 16. Rxb2 Rxb7 17. Qf3 Rd7 18. Ne4 Qc7 19. Qe2 Qe5 20. Ng3 Rfd8
21. Rc2 Bc5 22. Rfc1 Rd3 23. Nf1 Qd6 24. Rb1 a5 25. Rbb2 Ba3 26. Rb1 Kf8 27.
Qf3 Bc5 28. Rbc1 h6 29. h3 Qe5 30. Rb1 g6 31. Qe2 Qd5 32. Rbb2 Ba3 33. Rb1 Bb4
34. Rbc1 Bc5 35. Rb1 h5 36. Rbb2 Bb4 37. Rb1 Rd7 38. Rbc1 Bc5 39. Rb1 Ke7 40.
Rbc1 Kd8 41. Rc3 Rxc3 42. Rxc3 Qd1 43. Rc2 Kc7 44. Qc4 Kb7 45. Qe4+ Qd5 46. Qa4
Bb4 47. e4 Qd3 48. Qc6+ Ka7 49. a3 Bc5 50. Rd2 Qxd2 51. Nxd2 Rxd2 52. Qc7+ Ka6
53. Qc8+ Ka7 54. Qc7+ 1/2-1/2

[Event "Tatry Open 2014"]
[Site "Tatranske Zruby SVK"]
[Date "2014.10.01"]
[Round "5.24"]
[White "Frink, F."]
[Black "Jossien, R."]
[Result "0-1"]
[WhiteElo "2066"]
[BlackElo "2262"]
[PlyCount "74"]
[EventDate "2014.09.28"]

1. e4 e5 2. Nf3 Nc6 3. Bc4 Bc5 4. b4 Bxb4 5. c3 Ba5 6. O-O d6 7. d4 exd4 8. Qb3
Qe7 9. e5 dxe5 10. Ba3 Qf6 11. Re1 Nge7 12. Bxe7 Qxe7 13. Nxe5 O-O 14. Nf3 Qf6
15. Nbd2 Bg4 16. Ne4 Qf4 17. Qxb7 Bxf3 18. Qxc6 Qg4 19. g3 Bxc3 20. Bd5 Bxe1
21. Rxe1 d3 22. Nf6+ gxf6 23. Bxf3 Qd4 24. Re4 Qa1+ 25. Kg2 f5 26. Rf4 Rad8 27.
Rxf5 d2 28. Qh6 Rfe8 29. Qh5 Re7 30. Bd5 d1=Q 31. Qg5+ Qg7 32. Qxe7 Rxd5 33.
Rf4 Re5 34. Qb4 Qd5+ 35. f3 Re2+ 36. Kh3 Qh6+ 37. Rh4 Qf5+ 0-1

[Event "Tatry Open 2014"]
[Site "Tatranske Zruby SVK"]
[Date "2014.10.01"]
[Round "5.25"]
[White "Capak, S."]
[Black "Malik, J."]
[Result "1/2-1/2"]
[WhiteElo "2063"]
[BlackElo "2253"]
[PlyCount "102"]
[EventDate "2014.09.28"]

1. d4 d5 2. Nf3 Nf6 3. c4 c6 4. cxd5 cxd5 5. Bf4 Nc6 6. e3 e6 7. Nc3 Bd6 8.
Bxd6 Qxd6 9. Bd3 O-O 10. Rc1 Bd7 11. O-O Rac8 12. Qe2 a6 13. a3 Rc7 14. Rc2
Rfc8 15. Rfc1 Na5 16. Nb1 Nc6 17. Nc3 g6 18. h3 Kg7 19. e4 dxe4 20. Nxe4 Qe7
21. Nxf6 Qxf6 22. Qe3 Be8 23. Ne5 Qd8 24. Be4 Ne7 25. Rxc7 Rxc7 26. Rxc7 Qxc7
27. Qc3 Qxc3 28. bxc3 f6 29. Nd3 b6 30. Kf1 Bb5 31. Ke2 Nc8 32. Ke3 Nd6 33. Nb2
Nxe4 34. Kxe4 Bc6+ 35. Kf4 Bxg2 36. h4 h6 37. Na4 b5 38. Nc5 Bd5 39. Nxa6 g5+
40. hxg5 fxg5+ 41. Kg3 Kf6 42. f4 Kf5 43. fxg5 Kxg5 44. Nc5 h5 45. a4 bxa4 46.
Nxa4 h4+ 47. Kh2 Kf4 48. Nc5 Ke3 49. Kh3 Kd2 50. Kxh4 Kxc3 51. Nxe6 Bxe6
1/2-1/2

[Event "Tatry Open 2014"]
[Site "Tatranske Zruby SVK"]
[Date "2014.10.01"]
[Round "5.26"]
[White "Skreno, V."]
[Black "Hadzi Manev, L."]
[Result "1/2-1/2"]
[WhiteElo "2244"]
[BlackElo "2046"]
[PlyCount "155"]
[EventDate "2014.09.28"]

1. d4 d5 2. Nf3 c5 3. c3 Nc6 4. e3 e6 5. Nbd2 Nf6 6. Bd3 Bd6 7. dxc5 Bxc5 8.
O-O O-O 9. e4 Bd6 10. Re1 Qc7 11. Qe2 Ng4 12. Nf1 dxe4 13. Bxe4 h6 14. h3 Nf6
15. Bc2 b6 16. N1d2 Be7 17. Ne4 Nd5 18. Ng3 Rd8 19. Qe4 Nf6 20. Qc4 Rd7 21. Bf4
Ba6 22. Qa4 Qc8 23. Bb1 Bd3 24. Bxd3 Rxd3 25. Rad1 Rxd1 26. Rxd1 Nd5 27. Bc1
Qb7 28. Nh5 Nf6 29. Nxf6+ Bxf6 30. Qg4 Kf8 31. Qe4 Rd8 32. Re1 Qd7 33. Be3 Qd5
34. Qxd5 Rxd5 35. Kf1 Ke7 36. Ke2 Rh5 37. Bc1 Rd5 38. Rd1 Rxd1 39. Kxd1 Kd6 40.
Kc2 Kd5 41. Be3 Ne5 42. Nd2 Nc4 43. Nxc4 Kxc4 44. a4 Bd8 45. b3+ Kd5 46. a5 Kc6
47. f3 Bc7 48. Kd3 Kb5 49. Bd4 g6 50. axb6 axb6 51. Bg7 h5 52. Bf6 Kc6 53. Ke4
Bg3 54. f4 b5 55. Ke5 Be1 56. Ke4 Bf2 57. Kf3 Be1 58. Ke4 Bf2 59. Bd4 Bh4 60.
Ke5 Kd7 61. Be3 Be7 62. Kd4 Kc6 63. Ke5 Kd7 64. Kd4 Kc6 65. c4 bxc4 66. Kxc4
Bd6 67. b4 Bc7 68. b5+ Kb7 69. Kd3 Bd6 70. Ke4 Bc7 71. Bc5 Bb8 72. Kf3 Bc7 73.
Be3 Bb6 74. Bd2 Bc5 75. Ba5 Bb6 76. Bb4 Bc7 77. Bc5 Bb6 78. Bb4 1/2-1/2

[Event "Tatry Open 2014"]
[Site "Tatranske Zruby SVK"]
[Date "2014.10.01"]
[Round "5.27"]
[White "Sturc, J."]
[Black "Sejkora, V."]
[Result "0-1"]
[WhiteElo "2061"]
[BlackElo "2243"]
[PlyCount "120"]
[EventDate "2014.09.28"]

1. e4 c5 2. Nf3 d6 3. d4 cxd4 4. Nxd4 Nf6 5. Nc3 a6 6. Bg5 e6 7. f4 Nbd7 8. Qf3
Qc7 9. O-O-O Be7 10. Bd3 b5 11. Rhe1 Qb6 12. e5 Bb7 13. Qe3 Ng4 14. Qg3 dxe5
15. Qxg4 exd4 16. Bxe7 Kxe7 17. Ne4 Bxe4 18. Bxe4 Nf6 19. Qg5 h6 20. Qe5 Rad8
21. f5 Qd6 22. Qxd6+ Rxd6 23. fxe6 fxe6 24. Bf3 Rc8 25. Kb1 Rc5 26. b4 Rc4 27.
a3 Nd7 28. Be2 Rc3 29. Kb2 Nb6 30. Bd3 Na4+ 31. Ka2 Rc8 32. Rd2 Nc3+ 33. Kb3
Nd5 34. Re4 Nf6 35. Re5 Nd7 36. Ree2 Rf8 37. Rf2 Rxf2 38. Rxf2 e5 39. Re2 Ke6
40. g4 Nf6 41. h3 Kd5 42. Rf2 e4 43. Bf1 e3 44. Rf5+ Ke6 45. a4 g6 46. Rc5 Ne4
47. axb5 Nxc5+ 48. bxc5 Rd5 49. b6 Kd7 50. Kc4 Re5 51. Be2 Kc6 52. Kxd4 Rxc5
53. Bxa6 Kxb6 54. Bd3 Rxc2 55. Kxe3 Rc6 56. Kf4 g5+ 57. Kf5 Kc7 58. Be4 Rb6 59.
h4 gxh4 60. g5 Rb5+ 0-1

[Event "Tatry Open 2014"]
[Site "Tatranske Zruby SVK"]
[Date "2014.10.01"]
[Round "5.28"]
[White "Krca, M."]
[Black "Michalicka, M."]
[Result "0-1"]
[WhiteElo "2047"]
[BlackElo "2225"]
[PlyCount "108"]
[EventDate "2014.09.28"]

1. e4 c5 2. Nf3 g6 3. d4 cxd4 4. Nxd4 Nc6 5. c4 Bg7 6. Be3 Nf6 7. Nc3 d6 8. Be2
O-O 9. O-O Nxd4 10. Bxd4 Bd7 11. f4 Bc6 12. Bf3 Nd7 13. Bxg7 Kxg7 14. Qd4+ f6
15. Rad1 Qb6 16. Nd5 Bxd5 17. exd5 Rfc8 18. b3 Kf7 19. Rf2 Qxd4 20. Rxd4 Rc5
21. Be2 Rac8 22. Bd3 h6 23. Re4 f5 24. Re3 Nf6 25. h3 b5 26. Rfe2 R5c7 27. Kf2
bxc4 28. Bxc4 Ne4+ 29. Kf3 a5 30. g4 Nf6 31. a4 fxg4+ 32. hxg4 Rh8 33. g5 hxg5
34. fxg5 Rh3+ 35. Kg2 Rxe3 36. Rxe3 Ng4 37. Re4 Ne5 38. Rf4+ Kg7 39. Kf2 Rc8
40. Ke2 Rh8 41. Bb5 Rh2+ 42. Ke1 Rb2 43. Bc4 Nxc4 44. Rxc4 Rxb3 45. Rc7 Re3+
46. Kf2 Re5 47. Ra7 Rxd5 48. Rxe7+ Kf8 49. Re6 Kf7 50. Rf6+ Kg7 51. Re6 Rxg5
52. Rxd6 Rg4 53. Ra6 Rxa4 54. Kg2 Kh6 0-1

[Event "Tatry Open 2014"]
[Site "Tatranske Zruby SVK"]
[Date "2014.10.01"]
[Round "5.29"]
[White "Borsos, B."]
[Black "Grove, Michael"]
[Result "1-0"]
[WhiteElo "2224"]
[BlackElo "2041"]
[PlyCount "117"]
[EventDate "2014.09.28"]

1. e4 e5 2. Nf3 Nc6 3. Bb5 Bb4 4. c3 Ba5 5. O-O Nge7 6. d4 exd4 7. Nxd4 O-O 8.
Bg5 f6 9. Be3 Nxd4 10. Bxd4 d5 11. Nd2 c6 12. Bd3 f5 13. exd5 Nxd5 14. Nc4 Bc7
15. Re1 Nf4 16. Bf1 Ng6 17. Bc5 Re8 18. Rxe8+ Qxe8 19. Bd6 Bd8 20. a4 Be6 21.
Qe2 Qf7 22. Re1 Bd5 23. Qe8+ Qxe8 24. Rxe8+ Kf7 25. Re1 Bf6 26. a5 Be7 27. Bxe7
Nxe7 28. Nd6+ Kf6 29. Nxb7 Rb8 30. a6 c5 31. Nxc5 Rxb2 32. c4 Bc6 33. f3 Kf7
34. Nd3 Rd2 35. c5 Kf6 36. h4 Bb5 37. Nf4 Bxf1 38. Kxf1 Rc2 39. Rb1 Rxc5 40.
Rb7 g6 41. Rxa7 Ra5 42. Kf2 h5 43. Kg3 Nc6 44. Rd7 Ne7 45. Rd6+ Kf7 46. Nd3 Nc8
47. Rc6 Ne7 48. Rb6 Nc8 49. Rb7+ Kf6 50. Rc7 Ne7 51. a7 Ra4 52. Nf4 Ra5 53. Rb7
Ra4 54. Rc7 Ra5 55. Ne2 Ra3 56. Nd4 Ra6 57. Nc6 f4+ 58. Kh2 Nd5 59. Rc8 1-0